00536nam a2200121Ia 4500008004100000100001500041245009100056245001500147650001300162856014700175999001900322952007300341170221s9999 xx 000 0 und d aKashif Beg aDeterminants of Financial Self Sufficiency of Andhra Pradesh Microfinance Institutions cKashif Beg xBusiness uhttp://www.omicsgroup.org/journals/determinants-of-financial-self-sufficiency-of-andhra-pradeshmicrofinance-institutions-2167-0234-1000209.pdf c307537d307537 001040aCLbCLd2017-02-21l0r2017-02-21 00:00:00w2017-02-21yFOJ